David Coperfield. t.I /
Saved in:
| Main Author: | |
|---|---|
| Other Authors: | |
| Format: | Book (Paper) |
| Language: | Vietnamese |
| Published: |
Tp. HCM :
Văn nghệ,
2000
|
| Series: | Tiểu thuyết
|
| Subjects: | |
| Tags: |
Add Tag
No Tags, Be the first to tag this record!
|
| Institutions: | Thư viện Trường Đại học Đà Lạt |
|---|
| LEADER | 00765nam a2200325 4500 | ||
|---|---|---|---|
| 001 | DLU060053559 | ||
| 005 | ##20060530 | ||
| 040 | # | # | |a DLU |b vie |
| 041 | # | # | |a vie |
| 044 | # | # | |a vn |
| 082 | # | # | |a 823 |b DI-C |
| 100 | # | # | |a Dickens, Ch. |
| 245 | # | # | |a David Coperfield. |n t.I / |c Ch. Dickens; Phan Ngọc dịch |
| 260 | # | # | |a Tp. HCM : |b Văn nghệ, |c 2000 |
| 300 | # | # | |a 788 tr. ; |c 21 cm |
| 490 | # | # | |a Tiểu thuyết |
| 653 | # | # | |a Văn học Anh |
| 653 | # | # | |a Văn học cận đại |
| 700 | # | # | |a Phan Ngọc |e dịch |
| 923 | # | # | |a 08/2006 |
| 990 | # | # | |a t.I |
| 992 | # | # | |a 67.000 |
| 994 | # | # | |a DLU |
| 900 | # | # | |a True |
| 911 | # | # | |a Đào Thị Thu Huyền |
| 925 | # | # | |a G |
| 926 | # | # | |a A |
| 927 | # | # | |a SH |
| 980 | # | # | |a Thư viện Trường Đại học Đà Lạt |